[Event "IV Festival A"]
[Site "Salsomaggiore Terme ITA"]
[Date "2000.05.11"]
[Round "1"]
[White "Barberi, Alessandro"]
[Black "Dragojlovic, Andjelko"]
[Result "1-0"]
[WhiteElo "2135"]
[BlackElo "2437"]
[PlyCount "79"]
[EventDate "2000.05.11"]

1. d4 Nf6 2. c4 g6 3. Nc3 d5 4. cxd5 Nxd5 5. e4 Nxc3 6. bxc3 Bg7 7. Bc4 c5 8.
Ne2 O-O 9. O-O Nc6 10. Be3 Qc7 11. Qc1 e6 12. Rb1 b6 13. Rd1 Bb7 14. Bh6 cxd4
15. Bxg7 Kxg7 16. cxd4 Na5 17. Bd3 Qxc1 18. Rbxc1 Rfc8 19. f3 Kf6 20. Kf2 Ke7
21. Ke3 a6 22. Rxc8 Bxc8 23. Rc1 Bd7 24. Ng3 b5 25. e5 Bc6 26. Ne4 Ra7 27. Nd6
Rc7 28. g4 f6 29. f4 Kd7 30. f5 exf5 31. gxf5 g5 32. Nf7 Kc8 33. e6 Kb8 34.
Nxg5 fxg5 35. f6 Rc8 36. d5 Kc7 37. Bf5 Kd6 38. e7 Rh8 39. dxc6 Nxc6 40. Rxc6+
1-0

[Event "IV Festival A"]
[Site "Salsomaggiore Terme ITA"]
[Date "2000.05.11"]
[Round "1"]
[White "Bemporad, Filippo"]
[Black "Gorbatov, Alexej"]
[Result "1-0"]
[WhiteElo "2110"]
[BlackElo "2423"]
[PlyCount "71"]
[EventDate "2000.05.11"]

1. d4 Nf6 2. Nf3 c5 3. c4 cxd4 4. Nxd4 e5 5. Nf3 Nc6 6. g3 Bc5 7. Bg2 Qa5+ 8.
Bd2 Qb6 9. O-O e4 10. Ng5 Bxf2+ 11. Rxf2 e3 12. Rxf6 exd2+ 13. Rf2 Ne5 14. Qxd2
Ng4 15. e4 Qxf2+ 16. Qxf2 Nxf2 17. Kxf2 d6 18. Nc3 Be6 19. b3 Ke7 20. Nh3 a6
21. Nf4 Kf6 22. Ke3 g5 23. Ncd5+ Kg7 24. Nxe6+ fxe6 25. Nc7 Rac8 26. Nxe6+ Kf6
27. Nd4 b5 28. Bh3 Rc5 29. Rf1+ Kg6 30. Be6 h5 31. Bf7+ Kh7 32. Bd5 bxc4 33.
Bxc4 Re8 34. Kd3 g4 35. Rf6 h4 36. Nf5 1-0

[Event "IV Festival A"]
[Site "Salsomaggiore Terme ITA"]
[Date "2000.05.11"]
[Round "1"]
[White "Bini, Lorenzo"]
[Black "Aleksic, Nenad"]
[Result "0-1"]
[WhiteElo "2067"]
[BlackElo "2405"]
[PlyCount "68"]
[EventDate "2000.05.11"]

1. d3 b6 2. c3 Bb7 3. e4 e6 4. f4 c5 5. Nf3 Nf6 6. Na3 Be7 7. g3 O-O 8. Bg2 Nc6
9. O-O d6 10. Re1 a6 11. h3 Qc7 12. Be3 Rad8 13. g4 b5 14. g5 Nd7 15. Nh2 Nb6
16. Qh5 d5 17. Ng4 d4 18. cxd4 Nxd4 19. Rad1 b4 20. Nb1 Nc2 21. f5 exf5 22.
exf5 Qg3 23. Re2 Nxe3 24. Nxe3 Bxg2 25. Nxg2 Bxg5 26. h4 Bf6 27. Kf1 Rxd3 28.
Rxd3 Qxd3 29. Nd2 Nd5 30. Kg1 Bxb2 31. Ne4 Nf6 32. Nxf6+ Bxf6 33. Qg4 c4 34.
Nf4 Qd4+ 0-1

[Event "IV Festival A"]
[Site "Salsomaggiore Terme ITA"]
[Date "2000.05.11"]
[Round "1"]
[White "Chatalbashev, Boris"]
[Black "Turci, Stefano"]
[Result "1-0"]
[WhiteElo "2522"]
[BlackElo "2174"]
[PlyCount "53"]
[EventDate "2000.05.11"]

1. d4 d5 2. c4 c6 3. e3 Nf6 4. Nf3 Bf5 5. Nc3 e6 6. Nh4 Bg4 7. Qb3 Qb6 8. h3
Bh5 9. g4 Bg6 10. c5 Qc7 11. g5 Nfd7 12. Nxg6 hxg6 13. e4 Be7 14. Be3 b6 15.
exd5 exd5 16. cxb6 axb6 17. Bg2 O-O 18. h4 Na6 19. Qd1 Rfe8 20. Qg4 Bb4 21. h5
Rad8 22. hxg6 fxg6 23. Rh3 Nf8 24. O-O-O Bxc3 25. bxc3 Re6 26. Qf3 Nh7 27. Rxh7
1-0

[Event "IV Festival A"]
[Site "Salsomaggiore Terme ITA"]
[Date "2000.05.11"]
[Round "1"]
[White "Contin, Daniel"]
[Black "Oppici, Gabriele"]
[Result "1-0"]
[WhiteElo "2391"]
[BlackElo "2056"]
[PlyCount "69"]
[EventDate "2000.05.11"]

1. e4 Nc6 2. Nf3 d6 3. d4 Nf6 4. Nc3 Bg4 5. Bb5 a6 6. Bxc6+ bxc6 7. h3 Bh5 8.
Qe2 e6 9. Be3 d5 10. g4 Bg6 11. Ne5 Nxe4 12. Nxe4 Bxe4 13. f3 Bg6 14. h4 f6 15.
Nxc6 Qd6 16. Na5 Be7 17. c3 Qb6 18. b4 O-O 19. h5 Bf7 20. a4 Bd6 21. Rg1 g5 22.
Qd2 h6 23. f4 Be7 24. Kf2 Be8 25. Kg2 Bd7 26. Rgf1 Qb8 27. fxg5 hxg5 28. Nb3
Qe8 29. Nc5 Bxc5 30. bxc5 e5 31. Bxg5 Bxg4 32. Bxf6 Qxh5 33. dxe5 Bh3+ 34. Kf2
Qxe5 35. Rg1+ 1-0

[Event "IV Festival A"]
[Site "Salsomaggiore Terme ITA"]
[Date "2000.05.11"]
[Round "1"]
[White "De Santis, Alessio"]
[Black "Bertino, Paolo"]
[Result "1-0"]
[WhiteElo "2309"]
[BlackElo "1993"]
[PlyCount "57"]
[EventDate "2000.05.11"]

1. d4 d5 2. c4 c6 3. Nf3 Nf6 4. g3 e6 5. Bg2 Be7 6. O-O O-O 7. Nc3 Nbd7 8. Qc2
b6 9. Rd1 Bb7 10. a4 a5 11. Bf4 Nh5 12. e4 Nxf4 13. gxf4 dxe4 14. Nxe4 h6 15.
Ne5 Qc7 16. Rd3 Rad8 17. Rg3 c5 18. dxc5 Nxc5 19. Kh1 Nxe4 20. Bxe4 Bxe4+ 21.
Qxe4 Bf6 22. Rag1 Kh8 23. b3 Qc5 24. Qg2 Bxe5 25. fxe5 g6 26. Re3 Rd2 27. Qf3
Qe7 28. Qf4 g5 29. Rh3 1-0

[Event "IV Festival A"]
[Site "Salsomaggiore Terme ITA"]
[Date "2000.05.11"]
[Round "1"]
[White "Frigieri, Fabrizio"]
[Black "Bertagnolli, Alexander"]
[Result "1/2-1/2"]
[WhiteElo "1900"]
[BlackElo "2191"]
[PlyCount "89"]
[EventDate "2000.05.11"]

1. e4 g6 2. h4 h5 3. d4 c6 4. Nc3 d5 5. Be3 Nf6 6. f3 dxe4 7. Nxe4 Nd5 8. Bf2
Bh6 9. Bc4 Nd7 10. Ne2 N7b6 11. Bb3 a5 12. c4 a4 13. cxd5 axb3 14. d6 Rxa2 15.
dxe7 Qxe7 16. O-O Rxa1 17. Qxa1 O-O 18. d5 cxd5 19. Bc5 Qxh4 20. g3 Qd8 21.
Bxf8 Bxf8 22. Rd1 Qe7 23. N4c3 Qe3+ 24. Kg2 Bc5 25. Rf1 d4 26. Ne4 Qxe2+ 27.
Rf2 Qc4 28. Qa5 Nd7 29. Qc7 Kg7 30. Qxc8 Qd5 31. Rf1 b6 32. Ra1 Nf8 33. Ra8 Bb4
34. Qd8 Qxd8 35. Rxd8 Ne6 36. Rb8 Ba5 37. Kf1 h4 38. gxh4 Nf4 39. Nf2 Kf6 40.
Rd8 Ne6 41. Rd7 Bc3 42. Nd1 Ba5 43. Nf2 Bc3 44. Nd1 Ba5 45. Nf2 1/2-1/2

[Event "IV Festival A"]
[Site "Salsomaggiore Terme ITA"]
[Date "2000.05.11"]
[Round "1"]
[White "Giretti Kanev, Jasen"]
[Black "Farago, Ivan"]
[Result "1/2-1/2"]
[WhiteElo "2155"]
[BlackElo "2467"]
[PlyCount "33"]
[EventDate "2000.05.11"]

1. e4 c5 2. Nf3 e6 3. d3 d5 4. Nbd2 Nc6 5. g3 Bd6 6. Bg2 Nge7 7. O-O O-O 8. Re1
Qc7 9. Nf1 Bd7 10. h4 d4 11. e5 Nxe5 12. Nxe5 Bxe5 13. Rxe5 Qxe5 14. Bf4 Qf5
15. Be4 Qh3 16. Bg2 Qf5 17. Be4 1/2-1/2

[Event "IV Festival A"]
[Site "Salsomaggiore Terme ITA"]
[Date "2000.05.11"]
[Round "1"]
[White "Jurkovic, Ante"]
[Black "Pipitone, Antonio"]
[Result "1-0"]
[WhiteElo "2326"]
[BlackElo "2037"]
[PlyCount "85"]
[EventDate "2000.05.11"]

1. e4 c5 2. Nf3 d6 3. d4 cxd4 4. Nxd4 Nf6 5. Nc3 Nc6 6. Be3 e6 7. f3 Be7 8. Qd2
a6 9. g4 Nxd4 10. Qxd4 e5 11. Qd2 Be6 12. g5 Nd7 13. O-O-O b5 14. Kb1 Rc8 15.
Nd5 Bxd5 16. Qxd5 Qc7 17. Qd2 Nc5 18. h4 Ne6 19. Bh3 Qc4 20. h5 Rc6 21. g6 Nd4
22. Bxd4 exd4 23. Bf1 Qc5 24. Bd3 Bf6 25. gxh7 Bg5 26. f4 Bh6 27. Qf2 Rxh7 28.
e5 Rh8 29. Rhe1 Kd7 30. Bf5+ Kc7 31. Rxd4 d5 32. Red1 g6 33. hxg6 fxg6 34. Bd7
Rb6 35. Qg3 Bg7 36. a3 b4 37. Rxd5 Qc4 38. Ba4 bxa3 39. Qxa3 Rb4 40. Rd7+ Kc8
41. Bb3 Rxb3 42. cxb3 Qc6 43. Rxg7 1-0

[Event "IV Festival A"]
[Site "Salsomaggiore Terme ITA"]
[Date "2000.05.11"]
[Round "1"]
[White "Loncar, Robert"]
[Black "Vivo, Mario"]
[Result "1-0"]
[WhiteElo "2406"]
[BlackElo "2095"]
[PlyCount "47"]
[EventDate "2000.05.11"]

1. d4 Nf6 2. c4 g6 3. Nc3 d5 4. cxd5 Nxd5 5. Bd2 Bg7 6. e4 Nb6 7. Be3 O-O 8.
Be2 Nc6 9. Nf3 Bg4 10. d5 Na5 11. Bd4 Bxd4 12. Qxd4 Bxf3 13. gxf3 Nc6 14. Qd2
Ne5 15. f4 Nec4 16. Qd4 Nd6 17. h4 c6 18. dxc6 bxc6 19. O-O-O c5 20. Qe3 Qc8
21. h5 Rb8 22. f5 Qb7 23. b3 g5 24. Rxd6 1-0

[Event "IV Festival A"]
[Site "Salsomaggiore Terme ITA"]
[Date "2000.05.11"]
[Round "1"]
[White "Mrdja, Milan"]
[Black "Bosio, Devis"]
[Result "1-0"]
[WhiteElo "2425"]
[BlackElo "2131"]
[PlyCount "135"]
[EventDate "2000.05.11"]

1. e4 c6 2. d4 d5 3. Nc3 dxe4 4. Nxe4 Bf5 5. Ng3 Bg6 6. Nf3 Nd7 7. Bc4 e6 8.
Qe2 Ngf6 9. Bb3 Bd6 10. O-O O-O 11. Re1 c5 12. c3 cxd4 13. Nxd4 Nc5 14. Bc4 a6
15. a4 Qc7 16. Bg5 Nfe4 17. Be3 Nxg3 18. hxg3 Rfe8 19. a5 Rac8 20. Rec1 Ne4 21.
Bd3 Qe7 22. Qc2 Nf6 23. Bg5 Bxd3 24. Qxd3 h6 25. Bxf6 Qxf6 26. Qe4 Rc7 27. Rd1
Qe5 28. Qg4 Bc5 29. Nf3 Qe2 30. Rd2 Qb5 31. Qf4 e5 32. Qe4 Qc6 33. Re1 Qxe4 34.
Rxe4 f6 35. g4 Ree7 36. Kf1 Red7 37. Rc4 Rxd2 38. Nxd2 Bd6 39. Ra4 Kf7 40. Ke2
Ke6 41. f3 g6 42. Ra1 Bf8 43. Kd3 f5 44. Re1 Rd7+ 45. Kc2 h5 46. Nc4 Bd6 47.
gxh5 gxh5 48. Re2 h4 49. b4 Rh7 50. Nxe5 Bxe5 51. f4 h3 52. gxh3 Rxh3 53. Rxe5+
Kf6 54. Re8 Rh7 55. Kb3 Rc7 56. c4 Rd7 57. Kc3 Rd1 58. Rb8 Rd7 59. b5 axb5 60.
cxb5 Ke6 61. Kc4 Rc7+ 62. Kb4 Rd7 63. Kc5 Rd5+ 64. Kb6 Rd4 65. Rxb7 Rxf4 66. a6
Ra4 67. Rb8 f4 68. a7 1-0

[Event "IV Festival A"]
[Site "Salsomaggiore Terme ITA"]
[Date "2000.05.11"]
[Round "1"]
[White "Pernigotti, Carlo"]
[Black "Nelli, Luca"]
[Result "0-1"]
[WhiteElo "2203"]
[BlackElo "1936"]
[PlyCount "86"]
[EventDate "2000.05.11"]

1. e4 e5 2. Nf3 Nc6 3. d4 exd4 4. Nxd4 Qh4 5. Nb5 Bb4+ 6. Bd2 Qxe4+ 7. Be2 Kd8
8. O-O Bxd2 9. Nxd2 Qh4 10. Nf3 Qf6 11. Qd2 a6 12. Nc3 Nge7 13. Rad1 d6 14.
Rfe1 Ke8 15. Bc4 Be6 16. Bd5 Kf8 17. Bxe6 fxe6 18. Ng5 e5 19. Nce4 Qg6 20. Qc3
h6 21. Nf3 Qf7 22. a4 g6 23. Qd2 Kg7 24. b4 Nf5 25. b5 axb5 26. axb5 Ncd4 27.
Nxd4 Nxd4 28. b6 Ra2 29. bxc7 Rxc2 30. Qe3 Nf5 31. Qa3 Qxc7 32. Nxd6 Rf8 33.
Ne4 Nd4 34. Qe3 Nf5 35. Qb3 Rf7 36. Qd5 Nd4 37. h3 Rd7 38. Rxd4 Rxd5 39. Rxd5
Rc1 40. Rxc1 Qxc1+ 41. Kh2 Qf4+ 42. Ng3 Qb4 43. Rxe5 b5 0-1

[Event "IV Festival A"]
[Site "Salsomaggiore Terme ITA"]
[Date "2000.05.11"]
[Round "1"]
[White "Raineri, Valerio"]
[Black "Mione, Dario"]
[Result "0-1"]
[WhiteElo "1981"]
[BlackElo "2290"]
[PlyCount "100"]
[EventDate "2000.05.11"]

1. e4 e6 2. d3 d5 3. Nd2 Nf6 4. Ngf3 Bc5 5. e5 Nfd7 6. d4 Bb6 7. Bd3 c5 8. c3
Nc6 9. dxc5 Bc7 10. Nb3 Ncxe5 11. Bc2 Qf6 12. Nxe5 Bxe5 13. Be3 Bf4 14. O-O O-O
15. Re1 b6 16. Bxf4 Qxf4 17. c6 Nf6 18. Qe2 Re8 19. Nd4 e5 20. Nb5 Ba6 21. a4
Rac8 22. Qe3 Qxe3 23. Rxe3 Rxc6 24. Bd3 Re7 25. Nd4 exd4 26. Rxe7 Bxd3 27. Rxa7
g6 28. cxd4 Rc2 29. Rb7 Ng4 30. Rxb6 Nxf2 31. Rf6 Ne4 32. Rf3 Be2 33. Rb3 Rd2
34. Rb8+ Kg7 35. b4 Bd3 36. b5 Nf6 37. h3 Be4 38. Re1 Rxg2+ 39. Kf1 Ra2 40.
Rxe4 dxe4 41. Ra8 Nd5 42. a5 e3 43. a6 e2+ 44. Kf2 Nf4 45. Re8 Nd3+ 46. Kf3
e1=Q 47. Rxe1 Nxe1+ 48. Ke4 Ra5 49. d5 Rxb5 50. d6 Kf6 0-1

[Event "IV Festival A"]
[Site "Salsomaggiore Terme ITA"]
[Date "2000.05.11"]
[Round "1"]
[White "Scarenzio, Renato"]
[Black "Vujovic, Milorad"]
[Result "1-0"]
[WhiteElo "2013"]
[BlackElo "2316"]
[PlyCount "103"]
[EventDate "2000.05.11"]

1. d4 Nf6 2. c4 e6 3. Nc3 Bb4 4. Qc2 c5 5. dxc5 Na6 6. a3 Bxc3+ 7. Qxc3 Nxc5 8.
b4 Nce4 9. Qd4 d5 10. c5 b6 11. f3 bxc5 12. bxc5 Qa5+ 13. Qb4 Qxb4+ 14. axb4
Nc3 15. Bb2 Nb5 16. e4 Rb8 17. Ra5 a6 18. Bd4 Rb7 19. Rxa6 Nc7 20. Rc6 Kd8 21.
Bxf6+ gxf6 22. exd5 exd5 23. Rd6+ Ke7 24. b5 Nxb5 25. Rxd5 Nc3 26. Rd2 Rb1+ 27.
Kf2 Nd1+ 28. Kg3 Rg8+ 29. Kh4 f5 30. Nh3 Kf6 31. Ba6 Rb4+ 32. Kh5 Ne3 33. Bxc8
Rxc8 34. Rc1 Rc6 35. Rc3 f4 36. Nf2 Kg7 37. Ng4 Re6 38. Rc1 Ra4 39. Rb2 Rd4 40.
g3 Rd5+ 41. Kh4 Nf5+ 42. Kh3 Nd4 43. gxf4 Ne2 44. Rc4 Rf5 45. c6 Nxf4+ 46. Kg3
Nd3 47. Rb8 Re2 48. Rg8+ Kxg8 49. Nh6+ Kf8 50. Nxf5 Re8 51. c7 Rc8 52. Nd6 1-0

[Event "IV Festival A"]
[Site "Salsomaggiore Terme ITA"]
[Date "2000.05.11"]
[Round "1"]
[White "Sciortino, Massimo"]
[Black "Tagliagambe, Stefano"]
[Result "1-0"]
[WhiteElo "2190"]
[BlackElo "1900"]
[PlyCount "95"]
[EventDate "2000.05.11"]

1. e4 c5 2. Nf3 Nc6 3. d3 e6 4. g3 d5 5. Nbd2 Nf6 6. Bg2 Be7 7. O-O b6 8. Re1
Qc7 9. Nf1 Bb7 10. h4 h6 11. N1h2 O-O-O 12. e5 Nd7 13. Bf4 Rdg8 14. Qd2 g5 15.
hxg5 hxg5 16. Nxg5 Bxg5 17. Bxg5 Ncxe5 18. Bf4 d4 19. Qe2 Bxg2 20. Kxg2 Qb7+
21. Qe4 Qxe4+ 22. Rxe4 Ng6 23. Bd6 Rh5 24. g4 Rd5 25. Bg3 f5 26. Rxe6 f4 27.
Rxg6 Rxg6 28. Bxf4 Nf6 29. Kf3 Rd8 30. Re1 Nd5 31. Bd2 Rf6+ 32. Kg3 Rdf8 33. f3
Kd7 34. Re4 Re6 35. Rxe6 Kxe6 36. f4 Ne3 37. c3 Nd1 38. f5+ Kf7 39. cxd4 Nxb2
40. dxc5 Nxd3 41. cxb6 axb6 42. Nf3 Ra8 43. Be3 Rxa2 44. Bxb6 Ra6 45. Bd4 Ra4
46. Ng5+ Kg8 47. Ne6 Kf7 48. g5 1-0

[Event "IV Festival A"]
[Site "Salsomaggiore Terme ITA"]
[Date "2000.05.11"]
[Round "1"]
[White "Tencati, Giuseppe"]
[Black "Everet, Alexandro"]
[Result "0-1"]
[WhiteElo "2054"]
[BlackElo "2357"]
[PlyCount "86"]
[EventDate "2000.05.11"]

1. d4 Nf6 2. c4 g6 3. Nc3 Bg7 4. e4 d6 5. Nf3 O-O 6. Be2 Bg4 7. Be3 Nc6 8. O-O
e5 9. d5 Ne7 10. Nd2 Bxe2 11. Qxe2 Nd7 12. b4 f5 13. f3 f4 14. Bf2 Kh8 15. c5
g5 16. cxd6 cxd6 17. Nc4 Nf6 18. Nb5 Nc8 19. Rac1 a6 20. Nc3 Rg8 21. Rc2 Bf8
22. b5 Be7 23. bxa6 bxa6 24. Rb1 g4 25. Kf1 Qf8 26. Rb7 Qh6 27. Bg1 Qg6 28. Na5
Bf8 29. Nc6 gxf3 30. Qxf3 Bh6 31. Rcb2 Ng4 32. Rc7 Nf6 33. Rbb7 Rg7 34. Rxg7
Bxg7 35. Ke2 Bf8 36. Kd3 Ng8 37. Nd8 Nce7 38. Nc6 Rc8 39. Qh3 Re8 40. Nb4 a5
41. Nc6 Nf6 42. Nxe7 Bxe7 43. Bb6 a4 0-1

[Event "IV Festival A"]
[Site "Salsomaggiore Terme ITA"]
[Date "2000.05.12"]
[Round "2"]
[White "Aleksic, Nenad"]
[Black "Bemporad, Filippo"]
[Result "1-0"]
[WhiteElo "2405"]
[BlackElo "2110"]
[PlyCount "92"]
[EventDate "2000.05.11"]

1. e4 c5 2. Nf3 d6 3. d4 cxd4 4. Nxd4 Nf6 5. Nc3 e6 6. g3 Be7 7. Bg2 O-O 8. O-O
a6 9. Be3 Qc7 10. g4 Nc6 11. g5 Nd7 12. f4 Nxd4 13. Bxd4 e5 14. Be3 exf4 15.
Nd5 Qd8 16. Bxf4 Ne5 17. h4 Be6 18. Qd4 Rc8 19. c3 Bxd5 20. Qxd5 Qc7 21. Kh1
Rcd8 22. Rad1 Qc8 23. Bg3 Nc4 24. Rf3 Ne5 25. Rf4 Nc4 26. Rd3 b5 27. Rdf3 Ne5
28. Rf1 Qc5 29. Qd1 f6 30. gxf6 Bxf6 31. Bh3 Be7 32. Be6+ Kh8 33. Rxf8+ Rxf8
34. Rxf8+ Bxf8 35. Qf1 Be7 36. Bd5 Qc8 37. Kg2 Bf6 38. Qf4 Qd7 39. h5 Qe7 40.
Qf5 Qd8 41. Qe6 h6 42. b3 Kh7 43. c4 bxc4 44. bxc4 g6 45. hxg6+ Kxg6 46. c5 Qa5
1-0

[Event "IV Festival A"]
[Site "Salsomaggiore Terme ITA"]
[Date "2000.05.12"]
[Round "2"]
[White "Barberi, Alessandro"]
[Black "Loncar, Robert"]
[Result "0-1"]
[WhiteElo "2135"]
[BlackElo "2406"]
[PlyCount "98"]
[EventDate "2000.05.11"]

1. d4 Nf6 2. c4 c5 3. d5 b5 4. cxb5 a6 5. b6 g6 6. Nc3 Qxb6 7. Nf3 Bg7 8. e4
O-O 9. Be2 d6 10. Nd2 Nbd7 11. a4 Ne8 12. a5 Qd8 13. Nc4 Nc7 14. Bg5 f6 15. Be3
Rb8 16. Qd2 Nb5 17. h4 Nd4 18. Ra3 f5 19. h5 f4 20. Bxd4 cxd4 21. Na4 g5 22.
Nab6 h6 23. Nxd7 Qxd7 24. Nb6 Qe8 25. Qc2 Bd7 26. Bxa6 Bb5 27. Bxb5 Qxb5 28.
Qb3 Qc5 29. Qc4 Qxc4 30. Nxc4 Rb4 31. b3 Rfb8 32. Rh3 Kf7 33. Rd3 Ke8 34. f3
Kd7 35. Nb6+ Kc7 36. Rd1 Kb7 37. Ke2 Ka6 38. Rb1 Rb7 39. Kd3 Rc7 40. Kd2 Rc5
41. Ra4 Rxa4 42. bxa4 Kxa5 43. Rb3 Rc7 44. Rb5+ Ka6 45. Kd3 Rc3+ 46. Kd2 Ra3
47. Nc8 d3 48. Nxe7 Bc3+ 49. Kc1 Ra1+ 0-1

[Event "IV Festival A"]
[Site "Salsomaggiore Terme ITA"]
[Date "2000.05.12"]
[Round "2"]
[White "Bertagnolli, Alexander"]
[Black "Giretti Kanev, Jasen"]
[Result "1-0"]
[WhiteElo "2191"]
[BlackElo "2155"]
[PlyCount "41"]
[EventDate "2000.05.11"]

1. e4 c6 2. d4 g6 3. h4 d5 4. h5 dxe4 5. hxg6 fxg6 6. Nc3 Bg7 7. Nxe4 Qxd4 8.
Bd3 Bf5 9. Ne2 Qe5 10. Bd2 Qc7 11. Ng5 Bxb2 12. Bxf5 gxf5 13. Rb1 Bf6 14. Nxh7
Rxh7 15. Rxh7 Nd7 16. Nf4 Nf8 17. Qh5+ Kd7 18. Qxf5+ Kd8 19. Rf7 e6 20. Rxf8+
Ke7 21. Bb4+ 1-0

[Event "IV Festival A"]
[Site "Salsomaggiore Terme ITA"]
[Date "2000.05.12"]
[Round "2"]
[White "Bosio, Devis"]
[Black "Tagliagambe, Stefano"]
[Result "1-0"]
[WhiteElo "2131"]
[BlackElo "1900"]
[PlyCount "91"]
[EventDate "2000.05.11"]

1. e4 c5 2. c3 Nf6 3. e5 Nd5 4. d4 cxd4 5. Nf3 e6 6. cxd4 b6 7. Bd3 Bb4+ 8. Bd2
Bxd2+ 9. Qxd2 Ba6 10. Be4 Nc6 11. Bxd5 exd5 12. Nc3 Nb4 13. Nb5 Nc2+ 14. Qxc2
Bxb5 15. Qb3 Bc4 16. Qa3 Qe7 17. Qxe7+ Kxe7 18. Kd2 Rac8 19. b3 Ba6 20. Rac1
Rxc1 21. Rxc1 Rc8 22. Rxc8 Bxc8 23. Ne1 d6 24. f4 Bd7 25. Nc2 f6 26. exf6+ Kxf6
27. Ne3 h5 28. Ke2 Be6 29. Kf3 g6 30. Kg3 a5 31. a3 Bf7 32. Kh4 b5 33. b4 a4
34. h3 Be6 35. g4 hxg4 36. hxg4 Bf7 37. g5+ Ke6 38. Kg4 Bg8 39. f5+ gxf5+ 40.
Nxf5 Bh7 41. Nh4 Kf7 42. Kh5 Be4 43. Kh6 Bc2 44. g6+ Bxg6 45. Nxg6 Kf6 46. Nh4
1-0

[Event "IV Festival A"]
[Site "Salsomaggiore Terme ITA"]
[Date "2000.05.12"]
[Round "2"]
[White "De Santis, Alessio"]
[Black "Chatalbashev, Boris"]
[Result "0-1"]
[WhiteElo "2309"]
[BlackElo "2522"]
[PlyCount "74"]
[EventDate "2000.05.11"]

1. d4 g6 2. e4 Bg7 3. Nf3 c5 4. dxc5 Qa5+ 5. c3 Qxc5 6. Bd3 d6 7. O-O Nd7 8.
Be3 Qc7 9. Nbd2 Ngf6 10. h3 O-O 11. Re1 b6 12. Bg5 Bb7 13. Rc1 h6 14. Bh4 Nc5
15. Bb1 Nh5 16. b4 Ne6 17. Nd4 Nef4 18. Qb3 Bxd4 19. cxd4 Ne2+ 20. Rxe2 Qxc1+
21. Nf1 Nf4 22. Re3 a5 23. b5 Rfc8 24. a4 Rc3 25. Qa2 Rac8 26. Bg3 Nh5 27. Bd3
Rxd3 28. Rxd3 Bxe4 29. Re3 Nxg3 30. Rxg3 Qd1 31. f4 Rc2 32. Qa3 Rc1 33. Rf3
Bxf3 34. Qxf3 Qxf3 35. gxf3 Ra1 36. Kf2 Rxa4 37. Ne3 Rxd4 0-1

[Event "IV Festival A"]
[Site "Salsomaggiore Terme ITA"]
[Date "2000.05.12"]
[Round "2"]
[White "Everet, Alexandro"]
[Black "Tortora, Franco"]
[Result "1-0"]
[WhiteElo "2357"]
[BlackElo "1801"]
[PlyCount "57"]
[EventDate "2000.05.11"]

1. d4 Nf6 2. c4 c5 3. Nf3 cxd4 4. Nxd4 e5 5. Nb5 d5 6. cxd5 Bc5 7. e3 O-O 8.
N5c3 e4 9. Nd2 Qe7 10. Qc2 Bf5 11. Be2 Nbd7 12. g4 Nxg4 13. Bxg4 Bxg4 14. Qxe4
Nf6 15. Qxe7 Bxe7 16. f3 Bh5 17. O-O Rfe8 18. Nb3 a5 19. e4 a4 20. Nd4 Bc5 21.
Be3 b5 22. Nf5 Bf8 23. Nxb5 Rab8 24. Nbd6 Red8 25. Nc4 Bg6 26. Nd4 Rb4 27. Nc6
Rxc4 28. Nxd8 Nd7 29. Rac1 1-0

[Event "IV Festival A"]
[Site "Salsomaggiore Terme ITA"]
[Date "2000.05.12"]
[Round "2"]
[White "Farago, Ivan"]
[Black "Frigieri, Fabrizio"]
[Result "1-0"]
[WhiteElo "2467"]
[BlackElo "1900"]
[PlyCount "53"]
[EventDate "2000.05.11"]

1. d4 Nf6 2. c4 c5 3. d5 e6 4. Nc3 exd5 5. cxd5 d6 6. Nf3 g6 7. Nd2 b6 8. e4
Bg7 9. Bb5+ Bd7 10. Be2 O-O 11. O-O Re8 12. a4 Bc8 13. Re1 h5 14. Bb5 Bd7 15.
Nc4 Bxb5 16. axb5 Ng4 17. Bf4 Ne5 18. Bxe5 Bxe5 19. Nxe5 dxe5 20. d6 Re6 21.
Qd5 Nd7 22. Red1 Nf6 23. Qb7 Rb8 24. Qc7 Ra8 25. Rxa7 Qf8 26. Rxa8 Qxa8 27. d7
1-0

[Event "IV Festival A"]
[Site "Salsomaggiore Terme ITA"]
[Date "2000.05.12"]
[Round "2"]
[White "Gorbatov, Alexej"]
[Black "Bini, Lorenzo"]
[Result "1-0"]
[WhiteElo "2423"]
[BlackElo "2067"]
[PlyCount "49"]
[EventDate "2000.05.11"]

1. c4 d6 2. d4 g6 3. e4 Nf6 4. Nc3 c6 5. Bd3 Bg7 6. h3 h6 7. Be3 g5 8. Nge2
Nbd7 9. Ng3 e6 10. Qd2 Qc7 11. Bc2 Nf8 12. O-O-O Ng6 13. Kb1 Bd7 14. e5 dxe5
15. Bxg6 fxg6 16. dxe5 Qxe5 17. Nge4 Nxe4 18. Qxd7+ Kf8 19. Bd4 Nxc3+ 20. Ka1
Nxd1 21. Bxe5 Bxe5 22. Rxd1 Re8 23. Rd3 Re7 24. Rf3+ Bf4 25. Qd8+ 1-0

[Event "IV Festival A"]
[Site "Salsomaggiore Terme ITA"]
[Date "2000.05.12"]
[Round "2"]
[White "Mione, Dario"]
[Black "Laketic, Gojko"]
[Result "1/2-1/2"]
[WhiteElo "2290"]
[BlackElo "2456"]
[PlyCount "124"]
[EventDate "2000.05.11"]

1. e4 Nf6 2. Nc3 d6 3. d4 c6 4. f4 Qa5 5. Bd3 e5 6. Nf3 Bg4 7. dxe5 dxe5 8. h3
Bxf3 9. Qxf3 Nbd7 10. Bd2 exf4 11. Qxf4 Qe5 12. Qf3 Bd6 13. O-O-O Qe7 14. Rhf1
Ne5 15. Qf5 Nfd7 16. Bg5 f6 17. Be3 Bc5 18. Qh5+ g6 19. Qe2 Bxe3+ 20. Qxe3 Nc5
21. Be2 O-O 22. g4 b5 23. Bxb5 Rab8 24. Bxc6 Nxc6 25. Nd5 Qe5 26. Qxc5 Qxb2+
27. Kd2 Rbc8 28. Qc3 Qxc3+ 29. Kxc3 Kg7 30. Kb2 Ne5 31. c3 Rc6 32. Kc2 Nc4 33.
Rf3 Rb8 34. Nb4 Rxb4 35. cxb4 Ne3+ 36. Kd2 Nxd1 37. Kxd1 Rc4 38. Rb3 Rxe4 39.
a4 a5 40. b5 Rxa4 41. b6 Rd4+ 42. Kc2 Rd8 43. Kb2 h5 44. Ka3 hxg4 45. hxg4 Kh6
46. Rb5 Rb8 47. Ka4 f5 48. gxf5 gxf5 49. Kxa5 Kg5 50. b7 Kg4 51. Ka6 f4 52. Ka7
Rh8 53. b8=Q Rxb8 54. Rxb8 f3 55. Rf8 Kg3 56. Kb6 f2 57. Kc5 Kg2 58. Rg8+ Kh1
59. Rf8 Kg1 60. Rg8+ Kh2 61. Rf8 Kg2 62. Rxf2+ Kxf2 1/2-1/2

[Event "IV Festival A"]
[Site "Salsomaggiore Terme ITA"]
[Date "2000.05.12"]
[Round "2"]
[White "Nelli, Luca"]
[Black "Jurkovic, Ante"]
[Result "1-0"]
[WhiteElo "1936"]
[BlackElo "2326"]
[PlyCount "75"]
[EventDate "2000.05.11"]

1. c4 g6 2. Nc3 Bg7 3. g3 d6 4. Bg2 e5 5. e3 Nh6 6. Nge2 O-O 7. O-O f5 8. d4
Kh8 9. b3 Nc6 10. dxe5 dxe5 11. Ba3 Re8 12. Nb5 Bd7 13. Qd2 a6 14. Nbc3 e4 15.
Rad1 Ne5 16. Nd4 Nhf7 17. f3 exf3 18. Nxf3 Bc6 19. Nxe5 Nxe5 20. Nd5 b5 21. Bb2
Qd6 22. Qc2 Rad8 23. c5 Qf8 24. Nxc7 Bxg2 25. Nxe8 Rxe8 26. Qxg2 Ng4 27. Bxg7+
Kxg7 28. Rd7+ Re7 29. Qb7 Rxd7 30. Qxd7+ Kh6 31. Qd4 Qc8 32. Qf4+ Kg7 33. e4
Qc6 34. b4 Qf6 35. exf5 gxf5 36. Qxg4+ fxg4 37. Rxf6 Kxf6 38. Kf2 1-0

[Event "IV Festival A"]
[Site "Salsomaggiore Terme ITA"]
[Date "2000.05.12"]
[Round "2"]
[White "Pipitone, Antonio"]
[Black "Pernigotti, Carlo"]
[Result "0-1"]
[WhiteElo "2037"]
[BlackElo "2203"]
[PlyCount "74"]
[EventDate "2000.05.11"]

1. e4 c5 2. Nf3 e6 3. d4 cxd4 4. Nxd4 a6 5. Nc3 Nc6 6. Be3 Qc7 7. Be2 Nf6 8.
O-O Bb4 9. Bf3 Ne5 10. Bf4 d6 11. Bxe5 dxe5 12. Nde2 O-O 13. a3 Rd8 14. Qe1 Be7
15. Rd1 Bd7 16. Ng3 Qb6 17. Rb1 g6 18. Qc1 Ne8 19. Nd1 Rac8 20. Ne3 Qc7 21. Re1
Nd6 22. c3 Ba4 23. b3 Be8 24. c4 b5 25. Be2 bxc4 26. bxc4 Nb7 27. Qc3 Bf6 28.
Ng4 Bg7 29. Rec1 f5 30. Qb4 Nc5 31. exf5 gxf5 32. Rd1 fxg4 33. Bxg4 Bg6 34.
Rxd8+ Rxd8 35. Rf1 Rd4 36. Be2 Nd3 37. Qa4 a5 0-1